Reconfigurable filter using FPGA / (Record no. 184069)

000 -LEADER
fixed length control field 00825 a2200193 4500
003 - CONTROL NUMBER IDENTIFIER
control field NUST
005 - DATE AND TIME OF LATEST TRANSACTION
control field 20251124122911.0
040 ## - CATALOGING SOURCE
Transcribing agency Nust
082 ## - DEWEY DECIMAL CLASSIFICATION NUMBER
Classification number 621.382,KHA
100 ## - MAIN ENTRY--PERSONAL NAME
Personal name Khan, Capt Yasir (TE-42, TCC-17 B)
9 (RLIN) 132007
245 ## - TITLE STATEMENT
Title Reconfigurable filter using FPGA /
Statement of responsibility, etc. Capt Yasir khan, Capt Khurram khan, Capt Ali Akbar and Capt Dawood.
260 ## - PUBLICATION, DISTRIBUTION, ETC.
Place of publication, distribution, etc. Rawlalpindi
Name of publisher, distributor, etc. MCS (NUST)
Date of publication, distribution, etc. 2009
300 ## - PHYSICAL DESCRIPTION
Extent 107 .;
505 ## - FORMATTED CONTENTS NOTE
Formatted contents note Introduction (Page-8), Fir Filter Architecture (Page-12), Filter Algorithm Design Using MATLAB (Page-20), Reconfigurable Filtering (Page-36), Software Requirements (Page-42), Hardware Implementation (Page-50), Future recommendation (Page-58), References (Page-60).
650 ## - SUBJECT ADDED ENTRY--TOPICAL TERM
Topical term or geographic name entry element UG Projects
9 (RLIN) 98716
651 ## - SUBJECT ADDED ENTRY--GEOGRAPHIC NAME
Geographic name TCC-17B
9 (RLIN) 131348
700 ## - ADDED ENTRY--PERSONAL NAME
Personal name Supervised by Brig (R) Khan
9 (RLIN) 132008
942 ## - ADDED ENTRY ELEMENTS (KOHA)
Koha item type Project Report
Source of classification or shelving scheme
Holdings
Withdrawn status Lost status Source of classification or shelving scheme Damaged status Not for loan Permanent Location Current Location Shelving location Date acquired Full call number Barcode Date last seen Price effective from Koha item type Public note
          Military College of Signals (MCS) Military College of Signals (MCS) Reference 12/12/2016 621.382,KHA MCSPTC-116 12/08/2016 12/12/2016 Project Report Almirah No. 94, Shelf No. 3
© 2023 Central Library, National University of Sciences and Technology. All Rights Reserved.